El puñado de rubies/ (Registro nro. 8928)
[ vista simple ]
| 000 -LEADER | |
|---|---|
| campo de control de longitud fija | 00998aam a2200325 i 4500 |
| 001 - NÚMERO DE CONTROL | |
| campo de control | MOR01000008931 |
| 005 - FECHA Y HORA DE LA ÚLTIMA TRANSACCIÓN | |
| campo de control | 20260331054218.0 |
| 007 - CAMPO FIJO DE DESCRIPCIÓN FÍSICA--INFORMACIÓN GENERAL | |
| campo de control de longitud fija | ta |
| 008 - DATOS DE LONGITUD FIJA--INFORMACIÓN GENERAL | |
| campo de control de longitud fija | 872104s1926 dfm g 000 1 spa d |
| 035 ## - NÚMERO DE CONTROL DEL SISTEMA | |
| Número de control de sistema | 873226 |
| 040 ## - FUENTE DE CATALOGACIÓN | |
| Centro catalogador/agencia de origen | mxcmmo |
| Lengua de catalogación | spa |
| Normas de descripción | rda |
| Centro/agencia transcriptor | mxcmmo |
| 041 0# - CÓDIGO DE IDIOMA | |
| Código de lengua del texto/banda sonora o título independiente | spa |
| 082 04 - NÚMERO DE LA CLASIFICACIÓN DECIMAL DEWEY | |
| Número de clasificación | M863.01 |
| Número de ítem | NUÑ.i |
| 100 1# - ENTRADA PRINCIPAL--NOMBRE DE PERSONA | |
| Nombre de persona | Godoy, Jorge de |
| Fechas asociadas al nombre | 1894-1950 |
| Término indicativo de función/relación | autor |
| 9 (RLIN) | 19421 |
| 240 13 - TÍTULO UNIFORME | |
| Título uniforme | El puñado de rubies |
| Fecha de publicación/de la obra | 1926 |
| 245 13 - MENCIÓN DEL TÍTULO | |
| Título | El puñado de rubies/ |
| Mención de responsabilidad, etc. | Jorge de Godoy |
| 300 ## - DESCRIPCIÓN FÍSICA | |
| Extensión | 32 páginas; |
| Dimensiones | 19 cm |
| 336 ## - TIPO DE CONTENIDO | |
| Término de tipo de contenido | texto |
| Código de tipo de contenido | txt |
| Fuente | rdacontent |
| 337 ## - TIPO DE MEDIO | |
| Nombre/término del tipo de medio | sin medio |
| Código del tipo de medio | n |
| Fuente | rdamedia |
| 338 ## - TIPO DE SOPORTE | |
| Nombre/término del tipo de soporte | volumen |
| Código del tipo de soporte | nc |
| Fuente | rdacarrier |
| 501 ## - NOTA DE CON | |
| Nota de "Con" | Con: El imaginero del amor / José de J. Núñez y Domínguez |
| 900 ## - ELEMENTOS DE DATOS A LOCAL, LDA (RLIN) | |
| Nombre de persona | ALEPH14 |
| Numeración | 10 |
| Títulos y otros términos asociados al nombre | 20061103 |
| Lenguaje de la obra | MOR01 |
| -- | 1040 |
| 900 ## - ELEMENTOS DE DATOS A LOCAL, LDA (RLIN) | |
| Nombre de persona | BATCH-UPD |
| Numeración | 00 |
| Títulos y otros términos asociados al nombre | 20120323 |
| Lenguaje de la obra | MOR01 |
| -- | 1729 |
| 900 ## - ELEMENTOS DE DATOS A LOCAL, LDA (RLIN) | |
| Nombre de persona | BATCH-UPD |
| Numeración | 10 |
| Títulos y otros términos asociados al nombre | 20120321 |
| Lenguaje de la obra | MOR01 |
| -- | 1644 |
| 900 ## - ELEMENTOS DE DATOS A LOCAL, LDA (RLIN) | |
| Nombre de persona | BATCH |
| Numeración | 00 |
| Títulos y otros términos asociados al nombre | 20120322 |
| Lenguaje de la obra | MOR01 |
| -- | 1708 |
| 900 ## - ELEMENTOS DE DATOS A LOCAL, LDA (RLIN) | |
| Nombre de persona | DYNIX |
| Numeración | 00 |
| Títulos y otros términos asociados al nombre | 20030304 |
| Lenguaje de la obra | MOR01 |
| -- | 1716 |
| 904 ## - ELEMENTOS DE DATOS D LOCAL, LDD (RLIN) | |
| a | UPDATE |
| 942 ## - ELEMENTOS DE ENTRADA SECUNDARIOS (KOHA) | |
| Código de la institución [OBSOLETO] | BK |
| 901 ## - ELEMENTOS DE DATOS A LOCAL LDA (RLIN) | |
| a | batch batch |
| Estatus retirado | Estado de pérdida | Fuente del sistema de clasificación o colocación | Estado de daño | Restricciones de uso | No para préstamo | Colección | Biblioteca de origen | Biblioteca actual | Ubicación en estantería | Fecha de adquisición | Número de inventario | Total de préstamos | Signatura topográfica completa | Código de barras | Visto por última vez | Precio de reemplazo | Tipo de ítem Koha | Fuente de adquisición | Enumeración/cronología de publicación seriada |
|---|---|---|---|---|---|---|---|---|---|---|---|---|---|---|---|---|---|---|---|
| Clasificación Decimal Dewey | En sala | Libros (General) | Biblioteca Instituto Mora | Biblioteca Instituto Mora | Regular | 21/06/1994 | 037042 | (G)/M863.01 NUÑ.i | 33291000988010 | 03/09/2024 | 03/09/2024 | Libro préstamo regular | |||||||
| Clasificación Decimal Dewey | En sala | Libros (General) | Biblioteca Instituto Mora | Biblioteca Instituto Mora | Regular | 24/07/2000 | 92030 | (G)/M863.01 NUÑ.i | 33291000829164 | 03/09/2024 | 03/09/2024 | Libro préstamo regular | ej. 2 |